000 00690nam a2200217Ia 4500
005 20250508170049.0
008 008 250505s9999 xx 000 0 eng d
020 _a978-0-8153-5508-3
037 _aReference
040 _aFEDL
_beng
_cFEDL
041 _aeng
_2eng
084 _a370.11, OZO/RR
_qFEDL
100 _aOzolins Janis Talivaldis
_9782875
245 0 _aEducation and the pursuit of wisdom: The aims of education revisited
260 _aLondon, UK
_bRoutledge
_c2019
300 _axi, 236p.
365 _aGBP
_b120
490 _aRoutledge International Studies in the Philosophy of Education
942 _cREF
_h370.11, OZO/RR
999 _c1399020
_d1399020